| 000 | 01047nam a22003017i 4500 | ||
|---|---|---|---|
| 003 | URS | ||
| 005 | 20251001091317.0 | ||
| 008 | 170710s2011 ph ||||| |||| 00| 0 eng d | ||
| 020 | _a9789715290692 | ||
| 040 |
_aDECON _erda _cURS _beng |
||
| 041 | _aeng | ||
| 050 | 1 | 4 |
_aHQ 792.P5 _bF477 2011 |
| 245 | 0 | 0 |
_aThe future of Filipino children : _bdevelopment issues and trends / _cedited by Florangel Rosario-Braid, Ramon R. Tuazon [and] Ann Lourdes C. Lopez |
| 264 | 1 |
_aManila : _bAsian Institute of Journalism and Communication, _c2011. |
|
| 300 |
_axv, 260 pages : _bcolor illustrations ; _c28 cm. |
||
| 336 |
_atext _2rdacontent |
||
| 337 |
_aunmediated _2rdamedia |
||
| 338 |
_avolume _2rdacarrier |
||
| 526 | _aGEN-ED | ||
| 650 | 0 |
_aChildren _zPhilippines. |
|
| 650 | 0 |
_aChild welfare _zPhilippines. |
|
| 700 | 1 |
_aBraid, Florangel Rosario _eeditor |
|
| 700 | 1 |
_aTuazon, Ramon R. _eeditor |
|
| 700 | 1 |
_aLopez, Ann Lourdes C. _eeditor |
|
| 710 | _aAsian Institute of Journalism and Communication. | ||
| 942 |
_2lcc _cF |
||
| 999 |
_c15991 _d15991 |
||